| 000 | 01238nam a2200349 i 4500 | ||
|---|---|---|---|
| 001 | 019599802 | ||
| 003 | EG-ScBUE | ||
| 005 | 20230305042636.0 | ||
| 008 | 191022t2021 maua f b 000 0 eng d | ||
| 020 | _a9780357364536 | ||
| 020 | _a0357364538 | ||
| 040 |
_aStDuBDS _beng _erda _cStDuBDS _dUk _dEG-ScBUE |
||
| 082 | 0 | 4 |
_a542 _222 _bSLO |
| 100 | 1 |
_aSlowinski, Emil J., _eauthor. |
|
| 245 | 1 | 0 |
_aChemical principles in the laboratory / _cEmil J. Slowinski, Macalester College, St. Paul Minnesota, Wayne C. Wolsey, Macalester College, St. Paul Minnesota, Robert C. Rossi, Macalester College, St. Paul Minnesota. |
| 250 | _aTwelfth edition | ||
| 264 | 1 |
_aBoston, MA : _bCengage Learning, Inc., _c[2021] |
|
| 264 | 4 | _cc2021 | |
| 300 |
_ax, 390 pages : _billustrations ; _c28 cm |
||
| 336 |
_atext _2rdacontent _btxt |
||
| 337 |
_aunmediated _2rdamedia _bn |
||
| 338 |
_avolume _2rdacarrier _bnc |
||
| 500 | _aIncludes Appendices. | ||
| 504 | _aincludes bibliographical references. | ||
| 650 | 7 |
_aChemistry _vLaboratory manuals. _2BUEsh |
|
| 653 |
_bPPhrm _cMarch2023 |
||
| 655 | _vReading book | ||
| 700 | 1 |
_aWolsey, Wayne C., _eauthor. |
|
| 700 | 1 |
_aRossi, Robert C., _eauthor. |
|
| 942 |
_2ddc _cBB |
||
| 999 |
_c30193 _d30164 |
||